书目信息 |
| 题名: |
素书
|
|
| 作者: | 黄石公 著 ;丁敏翔 编著 | |
| 分册: | ||
| 出版信息: | 北京 中国华侨出版社 2012 |
|
| 页数: | 228页 | |
| 开本: | 22cm | |
| 丛书名: | ||
| 单 册: | ||
| 中图分类: | E892.33 , B821-49 | |
| 科图分类: | ||
| 主题词: | 人生哲学--通俗读物 | |
| 电子资源: | ||
| ISBN: | 978-7-5113-2050-6 | |
| 000 | 00937nam0 2200265 450- | |
| 001 | 0105364661 | |
| 005 | 20210805102234.0 | |
| 010 | @a978-7-5113-2050-6@dCNY45.00 | |
| 100 | @a20210524e20212012em y0chiy0120 ea | |
| 101 | 0 | @achi |
| 102 | @aCN@b110000 | |
| 105 | @ay z 000yy | |
| 106 | @ar | |
| 200 | 1 | @a素书@9Su Shu @e感悟传世奇书中的成功智慧@f(汉)黄石公著@g丁敏翔编著@b专著 |
| 210 | @a北京@c中国华侨出版社@d2012@h2021重印 | |
| 215 | @a228页@d22cm | |
| 330 | @a本书原文分六章,以“道、德、仁、义、礼”贯穿始终,强调无论是修身养性还是想成就事业,都必须身兼五者而不可缺一。书中对《素书》的智慧与谋略在为人、处世、职场、管理等方面的运用进行了阐发。 | |
| 605 | @a《素书》@x研究 | |
| 606 | 0 | @a人生哲学@j通俗读物 |
| 690 | @aE892.33@v5 | |
| 690 | @aB821-49@v5 | |
| 701 | 0 | @c(汉)@a黄石公@4著@9huang shi gong |
| 702 | 0 | @a丁敏翔@4编著@9ding min xiang |
| 801 | 0 | @aCN@bAZmarc@c20230905 |
| 905 | @aBZT@dE892.33@e4@f3@sE892.33/4 | |
| 素书:感悟传世奇书中的成功智慧/(汉)黄石公著/丁敏翔编著.-北京:中国华侨出版社,2012(2021重印) |
| 228页;22cm |
| ISBN 978-7-5113-2050-6:CNY45.00 |
| 本书原文分六章,以“道、德、仁、义、礼”贯穿始终,强调无论是修身养性还是想成就事业,都必须身兼五者而不可缺一。书中对《素书》的智慧与谋略在为人、处世、职场、管理等方面的运用进行了阐发。 |
| ● |
| 相关链接 |
|
|
|
正题名:素书
索取号:E892.33/4
 
预约/预借
| 序号 | 登录号 | 条形码 | 馆藏地/架位号 | 状态 | 备注 |
| 1 | 2000028094 | 2000028094 | 旧书回溯/ [索取号:E892.33/4] | 在馆 | |
| 2 | 2000152840 | 2000152840 | 旧书回溯/ [索取号:E892.33/4] | 在馆 | |
| 3 | 2000155180 | 2000155180 | 旧书回溯/ [索取号:E892.33/4] | 在馆 |